MARC

LEADER 00000nam0a2200000 4500
001 300828
005 20231102001335.0
035 |a (RuTPU)RU\TPU\book\325981 
090 |a 300828 
100 |a 20150717d1982 km y0rusy50 ca 
101 0 |a rus 
102 |a RU 
105 |a a z 001zy 
200 1 |a Прогнозирование реализации и прибыли в объединении на ЭВМ  |f А. Я. Ванинский 
210 |a Москва  |c Финансы и статистика  |d 1982 
215 |a 95 с.  |c ил. 
320 |a Библиогр.: с. 94 
606 1 |a Прибыль в социалистической промышленности  |2 stltpush  |3 (RuTPU)RU\TPU\subj\51645  |9 70218 
610 1 |a прогнозирование 
610 1 |a реализация 
610 1 |a расчеты на ЭВМ 
610 1 |a показатели 
610 1 |a математическое моделирование 
610 1 |a информационное обеспечение 
610 1 |a АСУ 
610 1 |a технологическое обеспечение 
610 1 |a перспективы 
610 1 |a модели 
610 1 |a прогнозы 
675 |a 658.155  |v 3 
700 1 |a Ванинский  |b А. Я.  |g Александр Янович 
801 1 |a RU  |b 63413507  |c 20150717 
801 2 |a RU  |b 63413507  |c 20211229  |g RCR 
942 |c BK